Smrt na lovu /
Když Jerry Harrison jedné zimní noci přijme ve svém odlehlém domě nevítaného návštěvníka, rozhodně neočekává, že tato noc bude jeho poslední. Druhý den ráno ho však zaměstnanci úklidové firmy najdou smrtelně pobodaného a policie se pouští do vyšetřování vraždy. Zpočátku si inspektorka Jess Campbello...
Uloženo v:
| Série: | Jess Campbellová a Ian Carter,
část 8 |
|---|---|
| Hlavní autor: | |
| Médium: | E-kniha |
| Jazyk: | Czech |
| Vydáno: |
Praha :
MOBA,
2026
|
| Příbuzné jednotky: | Z cyklu::
Jess Campbellová a Ian Carter |
| Tagy: |
Žádné tagy |
| LEADER | 01557nam a22002417i 4500 | ||
|---|---|---|---|
| 001 | 297592 | ||
| 007 | ta | ||
| 008 | 260416s2026 xr ||||| |||| 00| 0 cze d | ||
| 020 | |a 9788027924684 | ||
| 044 | |a xr | ||
| 100 | 1 | |a Granger, Ann |4 aut | |
| 245 | 1 | 0 | |a Smrt na lovu / |c Granger, Ann |
| 240 | 1 | 0 | |a Death on the Prowl |
| 264 | 1 | |a Praha : |b MOBA, |c 2026 | |
| 300 | |a 1 online zdroj (264 stran) | ||
| 336 | |a text |b txt |2 rdacontent | ||
| 337 | |a bez média |b n |2 rdamedia | ||
| 338 | |a online zdroj |b cr |2 rdacarrier | ||
| 520 | 2 | |a Když Jerry Harrison jedné zimní noci přijme ve svém odlehlém domě nevítaného návštěvníka, rozhodně neočekává, že tato noc bude jeho poslední. Druhý den ráno ho však zaměstnanci úklidové firmy najdou smrtelně pobodaného a policie se pouští do vyšetřování vraždy. Zpočátku si inspektorka Jess Campbellová a komisař Ian Carter nejsou jistí, zda jde skutečně o Harrisona, ale netrvá dlouho a svérázná sousedka Eleanor Holderová jim jeho identitu potvrdí. Na povrch pak postupně vyplouvá řada podivných okolností… | |
| 787 | 0 | 8 | |g 8 |i Z cyklu: |t Jess Campbellová a Ian Carter |
| 910 | |a RBIT002 | ||
| 998 | |d 426162 |a https://core.palmknihy.cz/api/books/426162/cover?td9u33 |b https://core.palmknihy.cz/api/books/426162/cover/400?td9u33 |c https://core.palmknihy.cz/api/books/426162/cover/50?td9u33 |e 2030-04-30 |g 264 |i 9788027924684 |j https://core.palmknihy.cz/api/books/426162/preview.epub |l |q 49 |r 1 |s https://www.palmknihy.cz/kniha/426162 |t ebook |y 2026 |z 1 |v Jess Campbellová a Ian Carter |w 8 | ||
| 999 | |d 297590 | ||